000 00573nam a2200205Ia 4500
001 256
005 20251205092002.0
008 251203t1997||||xx |||||||||||||| ||spa||
041 _aESP
082 _a869.56
_bM41
100 _aMelgar, Mariano,
_cAUT
245 0 _aPoesía completa
260 _aArequipa :
_bUniversidad Nacional de San Agustín,
_c1997
300 _a391 páginas :
_b
_c 21 cm.
440 _a(Unsalibros El Pueblo ; número 1)
650 _aLYR
653 _aLiteratura peruana; Poesias peruanas - Siglo XX
654 _aCTP
942 _cLIB
_dJUS
_fMAT
_2ddc
999 _c256
_d256